Lịch triều hiến chương loại chí : Dư địa chí . t. I /
সংরক্ষণ করুন:
| বিন্যাস: | Sách giấy |
|---|---|
| ভাষা: | Vietnamese |
| প্রকাশিত: |
Hà Nội :
Khoa học Xã hội ,
1972
|
| বিষয়গুলি: | |
| ট্যাগগুলো: |
ট্যাগ যুক্ত করুন
কোনো ট্যাগ নেই, প্রথমজন হিসাবে ট্যাগ করুন!
|
| Thư viện lưu trữ: | Thư viện Trường Đại học Đà Lạt |
|---|
| LEADER | 00670nam a2200253 4500 | ||
|---|---|---|---|
| 001 | DLU020013588 | ||
| 005 | ##6/19/2000 | ||
| 020 | # | # | |a 978- |
| 041 | # | # | |a vie |
| 082 | # | # | |a 959.703 |b PH-C |
| 090 | # | # | |a 959.703 |b PH-C |
| 245 | # | # | |a Lịch triều hiến chương loại chí : |b Dư địa chí . |n t. I / |c Nguyễn Thọ Dực, Phan Huy Chú |
| 260 | # | # | |a Hà Nội : |b Khoa học Xã hội , |c 1972 |
| 300 | # | # | |a 867 tr.; |c 23 cm. |
| 650 | # | # | |a Việt Nam |x Mô tả và du lịch. |
| 992 | # | # | |a 1300 |
| 994 | # | # | |a DLU |
| 900 | # | # | |a False |
| 911 | # | # | |a Administrator |
| 925 | # | # | |a G |
| 926 | # | # | |a A |
| 927 | # | # | |a SH |
| 980 | # | # | |a Thư viện Trường Đại học Đà Lạt |